Essentials of social research / (Record no. 50619)

MARC details
000 -LEADER
fixed length control field 02091nam a22003737a 4500
005 - DATE AND TIME OF LATEST TRANSACTION
control field 20110217154136.0
008 - FIXED-LENGTH DATA ELEMENTS--GENERAL INFORMATION
fixed length control field 110217t xxu||||| |||| 00| 0 eng d
010 ## - LCCN (DPL NO)
LC control number ENG-102033 B-445171-175
020 ## - INTERNATIONAL STANDARD BOOK NUMBER
International Standard Book Number 9780071074278
Terms of availability 375.00
020 ## - INTERNATIONAL STANDARD BOOK NUMBER
International Standard Book Number 0071074279
Terms of availability 375.00
035 ## - SYSTEM CONTROL NUMBER
System control number EN-85566 B-445171-175
037 ## - SOURCE OF ACQUISITION
Source of stock number/acquisition DBAD/PUB
040 ## - CATALOGING SOURCE
Original cataloging agency dpl
Language of cataloging Eng
082 ## - DEWEY DECIMAL CLASSIFICATION NUMBER
Classification number 300.72
100 ## - MAIN ENTRY--PERSONAL NAME
Personal name Kalof, Linda
9 (RLIN) 12973
Dates associated with a name 1919-
245 ## - TITLE STATEMENT
Title Essentials of social research /
Statement of responsibility, etc by Linda Kalof, Amy Dan [and] Thomas Dietz
260 ## - PUBLICATION, DISTRIBUTION, ETC. (IMPRINT)
Place of publication, distribution, etc New Delhi
Name of publisher, distributor, etc Tata McGraw-Hill
Date of publication, distribution, etc 2010
270 ## - ADDRESS
Address 7, West Patel Nagar
City New Delhi
Postal code 110008
300 ## - PHYSICAL DESCRIPTION
Extent vii, 225 p.
Dimensions 24 cm (pbk)
500 ## - GENERAL NOTE
General note Includes bibliographical references and index.
650 ## - SUBJECT ADDED ENTRY--TOPICAL TERM
9 (RLIN) 26034
650 ## - SUBJECT ADDED ENTRY--TOPICAL TERM
9 (RLIN) 26038
700 ## - ADDED ENTRY--PERSONAL NAME
9 (RLIN) 26035
Personal name Dan, Amy
700 ## - ADDED ENTRY--PERSONAL NAME
Personal name Dietz, Thomas
9 (RLIN) 26045
700 ## - ADDED ENTRY--PERSONAL NAME
9 (RLIN) 26036
942 ## - ADDED ENTRY ELEMENTS (KOHA)
Source of classification or shelving scheme Dewey Decimal Classification
Item type English Books
Call number suffix KAL
Classification part 300.72
Holdings
Withdrawn status Lost status Source of classification or shelving scheme Damaged status Not for loan Collection code Home library Current library Date acquired Source of acquisition Cost, normal purchase price Total Checkouts Full call number Barcode Date last seen Copy number Cost, replacement price Koha item type
    Dewey Decimal Classification     Non-fiction Central Library Central Library 16/03/2012 Allied1110/22.09.11/04/15.09.11/09.11.11 399.00   300.72 KAL B-445171 16/03/2012 1 399.00 English Books
    Dewey Decimal Classification   Not For Loan Non-fiction D.B.Act.Division D.B.Act.Division 17/02/2011 DBAD/PUB 375.00   300.72 KAL EN-85566 17/02/2011 1 375.00 English Books
    Dewey Decimal Classification     Non-fiction Karol Bagh Karol Bagh 16/03/2012 Allied1110/22.09.11/04/15.09.11/09.11.11 399.00   300.72 KAL B-445174 16/03/2012 1 399.00 English Books
    Dewey Decimal Classification     Non-fiction Patel Nagar Patel Nagar 16/03/2012 Allied1110/22.09.11/04/15.09.11/09.11.11 399.00   300.72 KAL B-445172 16/03/2012 1 399.00 English Books
    Dewey Decimal Classification     Non-fiction Sarojini Nagar Sarojini Nagar 16/03/2012 Allied1110/22.09.11/04/15.09.11/09.11.11 399.00   300.72 KAL B-445173 16/03/2012 1 399.00 English Books
    Dewey Decimal Classification     Non-fiction Shahdara Branch Shahdara Branch 16/03/2012 Allied1110/22.09.11/04/15.09.11/09.11.11 399.00   300.72 KAL B-445175 16/03/2012 1 399.00 English Books

© Delhi Public Library
Hit Counter
free hit counter